|
|
|
|
| LEADER |
00000nam a2200000 a 4500 |
| 001 |
vtls011467373 |
| 003 |
SK-MaSNL |
| 005 |
20260301135858.0 |
| 008 |
160610s2015 xo oa f n 000 0 slo |
| 015 |
|
|
|a SNBA2016/02
|
| 020 |
|
|
|a 9788089489213 (viaz.)
|
| 035 |
|
|
|a 0A1423B5-AF51-482C-B68C-09A0EB79D77A
|
| 035 |
|
|
|a urn:nbn:sk:snk-amlfvh
|
| 035 |
|
|
|a urn:nbn:sk:snk-am00941v
|
| 040 |
|
|
|a SNK
|b slo
|c SNK
|e AACR2
|
| 041 |
0 |
|
|a mul
|
| 044 |
|
|
|a xo
|c SK
|
| 072 |
|
7 |
|a 398
|x Folklór
|2 konspekt
|
| 072 |
|
7 |
|a 821.162.4.09
|x Slovenská literatúra (o nej)
|2 konspekt
|
| 080 |
|
|
|a 398.8:82-3
|2 2001
|
| 080 |
|
|
|a 398
|2 2001
|
| 080 |
|
|
|a 80(=16)+908(4)
|2 2001
|
| 080 |
|
|
|a (048.8)
|2 2001
|
| 080 |
|
|
|a 821.162.4
|2 2001
|
| 245 |
0 |
0 |
|a Ľudová próza na Slovensku v kontexte dejín slavistiky
|c Katarína Žeňuchová (ed.)
|
| 250 |
|
|
|a 1. vyd.
|
| 260 |
|
|
|a Bratislava
|b Slavistický ústav Jána Stanislava SAV
|b Slovenský komitét slavistov
|c 2015
|
| 300 |
|
|
|a 343 s.
|b fotogr., ilustr.
|c 24 cm
|
| 504 |
|
|
|a Bibliogr. ; bibliogr. odkazy ; zoz. aut.
|
| 648 |
|
7 |
|a 19. stor.
|2 SNKPH
|9 278793
|
| 648 |
|
7 |
|a 19th century
|2 SNKPHeng
|9 306372
|
| 650 |
0 |
7 |
|a ľudová próza
|2 SNKPH
|9 84275
|
| 650 |
0 |
7 |
|a ľudová slovesnosť
|2 SNKPH
|9 67005
|
| 650 |
0 |
7 |
|a slovenská literatúra
|2 SNKPH
|9 1115
|
| 650 |
0 |
7 |
|a slavistika
|2 SNKPH
|9 4282
|
| 650 |
0 |
7 |
|a Folk literature
|2 SNKPHeng
|9 286206
|
| 650 |
0 |
7 |
|a Slovak literature
|2 SNKPHeng
|9 265073
|
| 650 |
0 |
7 |
|a Slavic studies
|2 SNKPHeng
|9 266256
|
| 655 |
|
7 |
|a štúdie
|2 SNKPH
|9 57033
|
| 655 |
|
7 |
|a Studies
|2 SNKPHeng
|9 265573
|
| 700 |
1 |
|
|a Žeňuchová, Katarína,
|d 1975-
|4 edt
|9 103392
|
| 852 |
|
|
|a Štátna vedecká knižnica v Banskej Bystrici
|
| 919 |
|
|
|a 978-80-89489-21-3
|
| 958 |
|
|
|a LX
|
| 958 |
|
|
|a NB
|
| 999 |
|
|
|c 761713
|d 763643
|
| 952 |
|
|
|a SNK
|b SNK
|y PREZ
|7 0
|p 17A1178160
|o snkSC 167743
|i snk2016/1730
|8 0
|0 0
|1 0
|4 0
|d 2016-01-22
|f 1
|l 0
|r 2026-02-24 00:07:11
|w 2026-02-24
|
| 952 |
|
|
|a SNK
|b SNK
|y VYP
|7 0
|p 17A1178161
|o snkSC 167743 D1
|i snk2016/1732
|8 0
|0 0
|1 0
|4 0
|d 2016-01-22
|l 0
|r 2026-02-24 00:07:11
|w 2026-02-24
|